[Event "POL-chT 66th"]
[Site "Katowice"]
[Date "2010.09.06"]
[Round "3"]
[White "Szelag, Marcin"]
[Black "Dobrowolski, Piotr"]
[Result "1-0"]
[WhiteElo "2464"]
[BlackElo "2399"]
[Annotator "RR"]
[PlyCount "125"]
[EventDate "2010.09.04"]
[EventType "team-tourn"]
[EventRounds "9"]
[EventCountry "POL"]
[SourceTitle "EXT 2016"]
[Source "ChessBase"]
[SourceDate "2015.10.08"]
[SourceVersion "1"]
[SourceVersionDate "2015.10.08"]
[SourceQuality "1"]
[WhiteTeam "Poznan Pocztowiec"]
[BlackTeam "Wroclaw AZS WSB"]
[WhiteTeamCountry "POL"]
[BlackTeamCountry "POL"]

1. e4 e5 2. Nf3 Nf6 3. Nxe5 d6 4. Nf3 Nxe4 5. d4 d5 6. Bd3 Be7 7. O-O Nc6 8. c4
Nb4 9. cxd5 Nxd3 10. Qxd3 Qxd5 11. Re1 Bf5 12. Nc3 Nxc3 13. Qxc3 Be6 14. Qxc7 (
14. Re5 Qc6 15. Qa5 Rd8 16. Bf4 O-O 17. Rc1 Qb6 18. Rb5 Qxa5 19. Rxa5 Ra8 20.
d5 Bd7 21. Ne5 Bd6 22. Bg3 Bxe5 23. Bxe5 c6 24. dxc6 Bxc6 25. Bd4 a6 26. Re5
Rfe8 27. Rxe8+ Rxe8 28. Be3 Rd8 29. f3 f6 30. Kf2 Kf7 31. h4 {1/2-1/2 (31)
Naiditsch,A (2678)-Kramnik,V (2772) Dresden 2008}) 14... Bd6 15. Qc3 O-O 16.
Bd2 a5 $146 (16... Rac8 17. Qe3 Qh5 18. Qg5 Qxg5 19. Nxg5 Bd5 20. Ne4 Rfd8 21.
Bc3 Bf8 22. a3 f6 23. Re3 Rc6 24. Nc5 Bxc5 25. dxc5 Rxc5 26. Rd1 Rdc8 27. Red3
Be6 28. Rd8+ Kf7 29. Rxc8 Rxc8 30. f3 h5 31. h4 {1/2-1/2 (31) Mikhalchishin,A 
(2526)-Pavasovic,D (2566) Portoroz 2005}) 17. a3 Qh5 {[%csl Rh2][%cal Ge6d5,
Gd5f3]} 18. h3 Bd5 19. Ne5 Ra6 $5 20. Rac1 f6 21. Ng4 Qg6 22. Ne3 Be4 23. Qc4+
Kh8 24. d5 h5 (24... f5 $5 {[%cal Gf5f4,Gf4f3]}) 25. Bc3 f5 26. Qd4 Bb8 27. Qc5
Rg8 {[%csl Rg8]} 28. Qe7 Ba7 {[%csl Rg2]} 29. Re2 {[%cal Ge2g2]} (29. Qxb7 Bxe3
) 29... Bf3 30. Rd2 f4 (30... Re8 31. Qxb7 f4 $132) 31. Ng4 $1 Bxg4 (31... Re8
$1 {Gagne un tempo important} 32. Qxb7 (32. Qxg7+ Qxg7 33. Bxg7+ Kxg7 34. gxf3
hxg4 35. fxg4) 32... hxg4 $17) 32. hxg4 Qxg4 33. Rd3 $2 $138 (33. Qe4 {[%cal
Ge4g4]}) 33... Rg6 $2 (33... f3 $1 {Un coup intermédiaire indispensable pour
parer la défense Qe4} 34. Rxf3 Rg6 $19 {[%csl Rf3,Rg1,Rg2]}) 34. Qe4 $8 {
[%cal Ge4g2,Ge4g6,Ge4g4]} Kh7 35. d6 (35. Kf1 Rf8 (35... h4)) 35... Re8 36. Qf3
Qxf3 37. Rxf3 Rxd6 38. Rxf4 Re2 39. Kf1 Rde6 40. Rd1 Re7 41. Rd5 Rc2 42. Rxh5+
$36 Kg6 43. g4 Ree2 44. Rhf5 $1 $36 {[%csl Rc2,Re2,Gf4,Gf5] bizarrement, les R
Noires doublées en 07ème rangée ne sont pas trés dangereuses et le Bc3
contrôle l'importante case "d2"} Bb8 45. Rd4 Ba7 46. Rdf4 Bb8 47. Rf3 Re4 48.
Rf7 Rc1+ 49. Kg2 Rxg4+ 50. Kh3 Kh5 51. R3f5+ g5 52. Rh7+ Kg6 53. Kxg4 Rg1+ 54.
Kf3 Kxf5 55. Rxb7 g4+ 56. Ke2 Bh2 57. Bxa5 Rc1 58. Bd2 Ra1 59. Rb5+ Ke4 60.
Rb4+ Kf5 61. Rb5+ Kf6 62. Bc3+ Kg6 63. Be5 1-0

[Event "Gashimov Memorial 3rd"]
[Site "Shamkir"]
[Date "2016.06.01"]
[Round "6"]
[White "Hou, Yifan"]
[Black "Harikrishna, Pentala"]
[Result "1/2-1/2"]
[WhiteElo "2663"]
[BlackElo "2763"]
[Annotator "Ramirez Alvarez,A"]
[PlyCount "60"]
[EventDate "2016.05.26"]
[EventType "tourn"]
[EventRounds "9"]
[EventCountry "AZE"]
[EventCategory "20"]
[SourceTitle "CBM 173"]
[Source "ChessBase"]
[SourceDate "2016.07.12"]
[SourceVersion "1"]
[SourceVersionDate "2016.07.12"]
[SourceQuality "1"]

1. e4 e5 2. Nf3 Nf6 3. Nxe5 d6 4. Nf3 Nxe4 5. d4 d5 6. Bd3 Be7 7. O-O Nc6 8.
Nc3 Bf5 9. Re1 Nxc3 10. bxc3 Bxd3 11. Qxd3 O-O 12. Re2 Qd6 13. Rb1 b6 14. Bd2
Bf6 15. Rbe1 Na5 16. Qf5 g6 17. Qh3 Qc6 18. Bg5 Nc4 19. Bxf6 Qxf6 20. Ne5 Nxe5
21. Rxe5 Qc6 22. R1e3 $6 (22. Qe3 $14 {followed by h4-h5 still laves Black
with some problems to solve.}) 22... Rae8 $11 23. Qh6 Rxe5 24. dxe5 Qb5 25. g4
{White goes for the all out attack, but Black is just in time for a perpetual.}
Qb1+ 26. Kg2 Qxc2 27. Rh3 Qe4+ 28. Kf1 Qb1+ 29. Kg2 Qe4+ 30. Kf1 Qb1+ 1/2-1/2

[Event "Bundesliga 0607"]
[Site "Germany"]
[Date "2006.11.18"]
[Round "3.1"]
[White "Navara, David"]
[Black "Rabiega, Robert"]
[Result "0-1"]
[WhiteElo "2660"]
[BlackElo "2506"]
[Annotator "Reeh,O"]
[PlyCount "66"]
[EventDate "2006.10.28"]
[EventType "team-tourn"]
[EventRounds "15"]
[EventCountry "GER"]
[SourceTitle "CBM 116"]
[Source "ChessBase"]
[SourceDate "2007.02.01"]
[SourceVersion "1"]
[SourceVersionDate "2007.02.01"]
[SourceQuality "1"]
[WhiteTeam "Bindlach"]
[BlackTeam "Berlin Tegel"]
[WhiteTeamCountry "GER"]
[BlackTeamCountry "GER"]

1. e4 e5 2. Nf3 Nf6 3. Nxe5 d6 4. Nc4 Nxe4 5. Qe2 Qe7 6. Ne3 {Pretty
artificial. Ziemlich gekünstelt.} c6 7. c4 g6 8. d3 Nc5 9. Bd2 Bg7 10. Bc3 f6
$1 {Leaving the Bc3 somewhat displaced. Danach ist der Lc3 etwas deplatziert.}
(10... Bxc3+ 11. Nxc3 {would of course play into White's hands. würde Weiß
natürlich in die Hände spielen.}) 11. b3 $6 $146 ({RR} 11. d4 Ne4 12. Nd2 Nxc3
{1/2-1/2 Nevednichy,V (2566)-Saric,A (2472)/Djakovo 2005/CBM 106 ext}) 11...
O-O 12. d4 Ne4 13. Bb2 f5 {Black is more than okay. Schwarz steht mehr als gut.
} 14. Na3 Re8 15. O-O-O f4 (15... Nxf2 {would win a pawn, but gives White some
compensation following würde einen Bauern gewinnen, allerdings bekäme Weiß nach
} 16. Qxf2 Qxe3+ 17. Qxe3 Rxe3 18. d5 {einige Kompensation.}) 16. Nec2 Qf8 (
16... Bh6 $1) 17. Re1 Re6 18. Qf3 Ng5 19. Qd1 Ne4 20. Qf3 Ng5 21. Qd3 {White
avoids a repetition of moves. Weiß schlägt die Zugwiederholung aus.} f3 22. Ne3
(22. Rxe6 $1) 22... Na6 23. Nac2 Ne4 $1 {The attack on f2 can only be parried
by tricks. Den Angriff auf f2 kann Weiß nur mit Tricks abwehren.} 24. Ng4 Qf4+
25. Re3 fxg2 (25... Qxg4 26. gxf3 {winning back the piece. mit Rückgewinn der
Figur.}) 26. Bxg2 Nxf2 27. Nxf2 Qxf2 28. Rg3 {Allowing a brilliant finish.
Erlaubt ein brillantes Finish.} ({Following Nach} 28. Rxe6 Bxe6 29. Bh3 {
Black would just enjoy a healthy plus pawn. besäße Schwarz einfach einen
gesunden Mehrbauern.}) {[%tqu "En","Black can take the enemy position by storm.
How?","The white back rank is weak. Furthermore, with Bh6+ the white king can
always be forced to b1, entering the same diagonal as the queen (f5-b1).",
"Find a move which deflects the white knight from the defence of the back rank,
clearing the diagonal f5-b1 at the same time.","a6b4","Super!   After this,
White's position falls together like a house of cards.  Add yourself the same
amount of point if you started with 28...Bh6+, which just transposes.",10,"De",
"Schwarz kann die feindliche Stellung im Sturm erobern. Wie?","Die weiße
Grundreihe ist schwach. Außerdem kann der weiße König jederzeit mit Lh6 nach
b1 gezwungen werden, wonach er auf der gleichen Diagonale wie die Dame (f5-b1)
steht.","Finden sie einen Zug, der den weißen Springer von der Verteidigung
der Grundreihe ablenkt und gleichzeitig die Diagonale f5-b1 räumt.","a6b4",
"Super!   Danach bricht die weiße Stellung wie ein Kartenhaus zusammen.  Geben
Sie sich die gleiche Anzahl von Punkten für 28...Lh6+, was nur Zugumstellung
bedeutet.",10]} 28... Nb4 $3 {Deflecting the knight from e1 and clearing the
diagonal f5-b1. Lenkt den Springer von e1 ab und räumt die Diagonale f5-b1.}
29. Nxb4 Bh6+ 30. Kb1 Re1+ 31. Rxe1 Qxe1+ 32. Kc2 {[%tqu "En","How can Black
crown his attack?","King and queen of white are on the same diagonal. If the
queen left the square d2 unprotected, Black could checkmate in three moves.",
"Deflect the white queen from d2!","c8f5","Bravo!",10,"De","Wie kann Schwarz
seinen Angriff krönen?","König und Dame von Weiß stehen auf derselben
Diagonalen. Wenn die Dame die Deckung von d2 aufgibt, könnte Schwarz dreizügig
mattsetzen.","Lenken Sie die weiße Dame von d2 ab!","c8f5","Bravo!",10]} Bf5 $1
{The final point: White loses the queen or gets checkmated. Die Schlusspointe:
Weiß verliert die Dame oder wird matt.} 33. Qxf5 Qd2+ {and White resigned,
since after 34.Kb1 Qd1+ 35.Bc1 Qxc1++ he will get checkmated. und Weiß gab auf,
denn nach 34.Kb1 Dd1+ 35.Lc1 Dxc1++ wird er mattgesetzt.} 0-1

[Event "Olympiad-28"]
[Site "Thessaloniki"]
[Date "1988.??.??"]
[Round "5"]
[White "Kudrin, Sergey"]
[Black "Machado, Hermes Amilcar"]
[Result "1-0"]
[WhiteElo "2545"]
[BlackElo "2340"]
[Annotator "Rogers,I"]
[PlyCount "57"]
[EventDate "1988.11.13"]
[EventType "team-swiss"]
[EventRounds "14"]
[EventCountry "GRE"]
[SourceTitle "TD"]
[Source "ChessBase"]
[SourceDate "1994.03.01"]
[SourceVersion "1"]
[SourceVersionDate "1994.03.01"]
[SourceQuality "1"]
[WhiteTeam "US of America"]
[BlackTeam "Brazil"]
[WhiteTeamCountry "USA"]
[BlackTeamCountry "BRA"]

1. e4 e5 2. Nf3 Nf6 3. Nxe5 d6 4. Nf3 Nxe4 5. d4 d5 6. Bd3 Bd6 7. O-O O-O 8. c4
c6 9. Nc3 ({Black's copycat system has enjoyed a measure of popularity since
it was discovered that the obvious} 9. Qc2 {can be met by} Na6 $1) (9. Nc3 {
is currently considered to be the critical test of Black's plan.}) 9... Nxc3
10. bxc3 Bg4 ({This is more solid than} 10... dxc4 11. Bxc4 Bg4 12. Qd3 $1 Nd7
13. Ng5 Nf6 14. h3 Bh5 15. f4 {when (at the time this game was played) the
complications were believed to favour White (1-0 (24) Short,N (2665)-Huebner,R
(2600) Tilburg 1988 CBM 009).}) 11. cxd5 cxd5 12. Rb1 Nd7 13. h3 Bh5 14. Rb5 $5
({Capturing the b-pawn is impossible due to} 14. Rxb7 Nb6 {but the rook is
destined for action on the kingside!}) 14... Nb6 15. c4 $1 Bxf3 {The bishop is
merely a liability on the fifth rank and so exchanging it is a sensible
decision.} ({On} 15... Nxc4 {White can try} 16. Rxd5 $1 Bh2+ 17. Nxh2 $1 Qxd5
18. Bxc4 {with advantage.}) 16. Qxf3 dxc4 17. Bc2 Rb8 (17... a6 18. Bg5 axb5
19. Bxd8 {1-0 (36) Beliavsky,A (2655)-Petursson,M (2530) Reykjavik 1988 CBM
010 r6}) 18. a4 a6 19. Bg5 $1 ({Black was probably expecting} 19. Rh5 g6 {when}
20. Rxh7 {leads only to a draw.}) 19... Qc7 $6 ({However the text move is very
annoying since} 19... f6 {loses to} 20. Qh5) ({When faced with this position
against Belyavsky at the Reykjavik World Cup Tournament, Petursson chose to
give up his queen with} 19... axb5 {(r9), although he failed to hold the game
in the long run. Machado goes his own way but soon realises that he has
underestimated White's attack.}) 20. Bxh7+ Kxh7 21. Qh5+ Kg8 22. Bf6 $3 Bh2+ ({
White's rook is still immune from capture:} 22... axb5 23. Qg5 {mates}) ({
and taking the bishop allows} 22... gxf6 23. Qg4+ Kh7 24. Rh5#) ({Since other
obvious defences are also inadequate, e.g.} 22... Rfc8 23. Rg5 Bf8 24. Qh6) ({
or} 22... Nd7 23. Bxg7 $1 {etc., Black's desperate reply is probably the best
chance.}) 23. Kh1 Qd6 24. Bxg7 $1 Kxg7 25. Rg5+ Kf6 26. Re1 $1 Qe6 ({With 27.
Qh6# threatened and} 26... Rh8 {losing to} 27. Rf5+ Kg7 28. Qxf7+ Kh6 29. Rh5#
{, Black could have been excused for resigning here.}) 27. Rxe6+ fxe6 28. Rg6+
Ke7 29. Rg7+ 1-0

[Event "Bazna Kings 4th"]
[Site "Medias"]
[Date "2010.06.21"]
[Round "7"]
[White "Nisipeanu, Liviu Dieter"]
[Black "Gelfand, Boris"]
[Result "0-1"]
[WhiteElo "2672"]
[BlackElo "2741"]
[Annotator "Rogozenco,D"]
[PlyCount "80"]
[EventDate "2010.06.14"]
[EventType "tourn"]
[EventRounds "10"]
[EventCountry "ROU"]
[EventCategory "20"]
[SourceTitle "CBM 137"]
[Source "ChessBase"]
[SourceDate "2010.07.15"]
[SourceVersion "1"]
[SourceVersionDate "2010.07.15"]
[SourceQuality "1"]

1. e4 e5 2. Nf3 Nf6 3. Nxe5 d6 4. Nf3 Nxe4 5. Nc3 Nxc3 6. dxc3 Be7 7. Be3 O-O (
{In the third round Wang Yue played against Nisipeanu} 7... Nc6 8. Qd2 Be6 9.
O-O-O Qd7 10. h4 h6 11. Nd4 Nxd4 12. Bxd4 Rg8 13. c4 c5 14. Bc3 O-O-O 15. Qe3
Rde8 16. Kb1 Bf6 17. Qg3 Bxc3 18. Qxc3 Qc6 19. Be2 Bf5 20. Bf3 Be4 21. Bxe4
Qxe4 {and the game ended soon with a draw.}) 8. Qd2 Nd7 9. O-O-O Ne5 ({Gelfand
used to implement a slightly different plan} 9... Re8 10. h4 c6 {but after
having some problems with it the Israeli Grandmaster switched to Ne5 and c6.})
10. h4 ({Here are two examples from Gelfand's practice just one month ago:} 10.
Kb1 c6 11. h4 Bg4 12. Be2 Nxf3 13. Bxf3 (13. gxf3 Bh5 14. f4 Bxe2 15. Qxe2 Re8
16. f5 Bf6 17. Qg4 d5 18. h5 Re4 19. Qg3 Qe7 20. h6 g6 21. fxg6 fxg6 22. a3 Qe5
23. Qh3 Qe6 24. Qg3 Qe5 25. Qh3 Qe6 26. Qg3 {1/2-1/2 Leko,P (2735)-Gelfand,B 
(2741)/Astrakhan 2010}) 13... Bxf3 14. gxf3 Qa5 15. h5 Qf5 16. Rdg1 f6 17. Rg4
Qxf3 18. Rhg1 Rf7 19. Bh6 Bf8 20. Bxg7 Rxg7 21. Rxg7+ Bxg7 22. h6 Kh8 23. Rxg7
Rg8 24. Rxg8+ Kxg8 25. Qe1 Kf7 26. Qg1 Qh5 27. Qg7+ Ke6 28. b3 Qf7 29. Qh8 Kf5
30. Qg7 Ke6 31. Qg4+ f5 32. Qc4+ d5 33. Qe2+ Kf6 {and everything ended up with
a draw later on, Jakovenko,D (2725)-Gelfand,B (2741)/Astrakhan 2010.}) 10... c6
11. h5 {A new move.} (11. c4 Be6 12. Ng5 Nxc4 13. Qd3 Bxg5 14. hxg5 g6 15. Bf4
Qb6 16. Qd4 Qxd4 17. Rxd4 d5 18. Bxc4 dxc4 19. Be5 f5 20. gxf6 Rae8 21. Rh6 c3
22. Rxh7 cxb2+ 23. Kxb2 Kxh7 24. Rh4+ Kg8 25. f7+ Kxf7 26. Rh7+ Kg8 27. Rh8+
Kf7 28. Rh7+ Kg8 29. Rh8+ {1/2-1/2 Gashimov,V (2734)-Gelfand,B (2741)/
Astrakhan 2010.}) 11... h6 12. Kb1 Ng4 $1 13. Bf4 d5 14. Bd3 Bd6 15. g3 (15.
Nd4 Bxf4 16. Qxf4 Qf6 17. Qc7 Qe5 18. Qxe5 Nxe5 19. Rde1 Nxd3 20. cxd3 c5 $11)
15... Re8 {This is probably the critical moment of the game. White makes an
ambitious move based on wrong calculations.} ({After} 15... Bxf4 16. gxf4 {
White has good chances to develop an attack on the g-file.}) 16. Rde1 Rxe1+ 17.
Rxe1 Bxf4 18. Qxf4 ({Interesting is} 18. gxf4 Nf6 19. Ne5 Nxh5 20. Qe3 {
and try to organize some attack, but this requires careful analysis, of course.
}) 18... Nxf2 19. Ne5 Qf6 (19... Nxd3 $4 20. Qxf7+) 20. Nxc6 Ne4 $1 21. Bxe4 ({
In his calculations Dieter missed that after} 21. Rxe4 {(his initial idea when
he played 16.Rde1)} dxe4 22. Qxe4 {Black simply plays} Qxc6) ({In the post
mortem the players came to the conclusion that the best chances to fight for a
draw was probably} 21. Nb4 {but even here after} Qxf4 ({Gelfand was going to
start with} 21... Be6 {and if} 22. Qe3 {then} Qf2) 22. gxf4 Be6 {there is no
clear draw for White. For instance:} 23. c4 ({or} 23. Bxe4 dxe4 24. Rxe4 Re8
25. Kc1 f6 26. Nd3 Bf7) 23... Nd2+ 24. Kc1 dxc4 25. f5 Bd7 26. Re7 Rd8) 21...
Qxf4 {Here White has several options, but the choice is actually very
difficult, because everywhere Black keeps better prospects.} 22. Ne7+ (22. gxf4
dxe4 23. Nd4 Bg4 $1 ({Worse is} 23... f5 24. Kc1)) ({The somewhat surprising} 
22. Bd3 {doesn't solve all the problems either, since after} Kf8 23. gxf4 bxc6
24. f5 ({or} 24. Kc1 Bg4 25. Rh1 f5) 24... Bd7 25. Kc1 Re8 26. Rxe8+ Kxe8 27.
Kd2 Ke7 28. Ke3 Kf6 29. Kf4 c5 {Black should be winning.}) 22... Kf8 23. gxf4
dxe4 24. Nxc8 (24. Rxe4 Bg4 {is also lost for White.}) 24... Rxc8 25. Rxe4 Rc5
{The endgame is very difficult for White. Black takes the h-pawn and is the
first one to start advancing his passed pawns. Nisipeanu's time trouble only
made it even worse for the Romanian.} 26. b4 Rxh5 27. Kb2 (27. Rc4 g5 28. fxg5
hxg5 {is also lost.}) 27... Rf5 28. Rc4 g5 29. fxg5 hxg5 30. Rg4 Kg7 31. c4 Kg6
32. c5 Kh5 33. Rg1 g4 34. Kc3 Kh4 35. a3 Rd5 36. Kc4 Rd2 37. c3 f5 38. b5 f4
39. c6 bxc6 40. bxc6 Rd8 0-1

[Event "Bazna Kings 4th"]
[Site "Medias"]
[Date "2010.06.24"]
[Round "9"]
[White "Radjabov, Teimour"]
[Black "Wang, Yue"]
[Result "1/2-1/2"]
[WhiteElo "2740"]
[BlackElo "2752"]
[Annotator "Rogozenco,D"]
[PlyCount "63"]
[EventDate "2010.06.14"]
[EventType "tourn"]
[EventRounds "10"]
[EventCountry "ROU"]
[EventCategory "20"]
[SourceTitle "CBM 137"]
[Source "ChessBase"]
[SourceDate "2010.07.15"]
[SourceVersion "1"]
[SourceVersionDate "2010.07.15"]
[SourceQuality "1"]

1. e4 e5 2. Nf3 Nf6 3. Nxe5 d6 4. Nf3 Nxe4 5. d4 d5 6. Bd3 Be7 7. O-O Nc6 8. c4
Nb4 9. Be2 O-O 10. Nc3 Bf5 11. a3 Nxc3 12. bxc3 Nc6 13. Re1 Re8 14. Bf4 dxc4
15. Bxc4 Bd6 16. Rxe8+ Qxe8 17. Ng5 Bg6 18. Bxd6 cxd6 19. h4 Qe7 20. Qg4 h6 21.
h5 Bxh5 22. Qxh5 hxg5 23. Rd1 Rf8 24. Rd3 Qe1+ 25. Kh2 Qxf2 {This is a
theoretical position, which since 2002 has been known to lead to a forced draw.
Therefore Radjabov's choice is difficult to explain.} 26. Qxg5 {Formally this
is a new move, which nevertheless was mentioned by Gelfand back in 2002 as
harmless.} (26. Rh3 Qf4+ {with equality was met in 2002 in two games of
Gelfand. Since then the variation is considered to be a draw.}) 26... Qf6 27.
Qxf6 gxf6 28. Rg3+ Kh8 29. Rh3+ Kg7 30. Rg3+ Kh8 31. Rh3+ Kg7 32. Rg3+ 1/2-1/2

[Event "Bazna Kings 4th"]
[Site "Medias"]
[Date "2010.06.16"]
[Round "3"]
[White "Nisipeanu, Liviu Dieter"]
[Black "Wang, Yue"]
[Result "1/2-1/2"]
[WhiteElo "2672"]
[BlackElo "2752"]
[Annotator "Rogozenco,D"]
[PlyCount "61"]
[EventDate "2010.06.14"]
[EventType "tourn"]
[EventRounds "10"]
[EventCountry "ROU"]
[EventCategory "20"]
[SourceTitle "CBM 137"]
[Source "ChessBase"]
[SourceDate "2010.07.15"]
[SourceVersion "1"]
[SourceVersionDate "2010.07.15"]
[SourceQuality "1"]

1. e4 e5 2. Nf3 Nf6 3. Nxe5 d6 4. Nf3 Nxe4 5. Nc3 Nxc3 6. dxc3 Be7 7. Be3 Nc6
8. Qd2 Be6 9. O-O-O Qd7 10. h4 h6 11. Nd4 Nxd4 12. Bxd4 Rg8 13. c4 c5 14. Bc3
O-O-O 15. Qe3 Rde8 $1 {A strong novelty, which points out the vulnerable
position of the queen on e3.} ({In the game Li,C (2643)-Bu Xiangzhi (2704),
China 2009 Black won quickly after} 15... Qa4 {but only thanks to White's
blunder.} 16. Kb1 d5 17. cxd5 Bxd5 18. Qxe7 $4 (18. b3) 18... Qxa2+ 19. Kc1
Qa1+ 20. Kd2 Qxd1+) 16. Kb1 (16. Qg3 {is answered strongly by} g5 $1 {and
White must be careful to keep the balance.}) 16... Bf6 17. Qg3 (17. Bxf6 $2 {
runs into} Bg4 $1 {winning material.}) 17... Bxc3 18. Qxc3 Qc6 19. Be2 Bf5 20.
Bf3 Be4 21. Bxe4 Qxe4 $1 ({Much weaker is} 21... Rxe4 22. Qf3 {and Black still
has problems.}) 22. g3 Re6 {The position is equal. Black can easily protect
his only weakness on d6.} 23. b3 Qe5 24. Qa5 Kb8 25. Rhe1 Qf6 26. Rxe6 Qxe6 27.
Qc3 Kc7 28. Qa5+ Kb8 29. Qc3 Kc7 30. Re1 Qd7 31. Qa5+ 1/2-1/2

[Event "Bazna Kings 4th"]
[Site "Medias"]
[Date "2010.06.17"]
[Round "4"]
[White "Radjabov, Teimour"]
[Black "Gelfand, Boris"]
[Result "1-0"]
[WhiteElo "2740"]
[BlackElo "2741"]
[Annotator "Rogozenco,D"]
[PlyCount "75"]
[EventDate "2010.06.14"]
[EventType "tourn"]
[EventRounds "10"]
[EventCountry "ROU"]
[EventCategory "20"]
[SourceTitle "CBM 137"]
[Source "ChessBase"]
[SourceDate "2010.07.15"]
[SourceVersion "1"]
[SourceVersionDate "2010.07.15"]
[SourceQuality "1"]

1. e4 e5 2. Nf3 Nf6 3. Nxe5 d6 4. Nf3 Nxe4 5. d4 d5 6. Bd3 Nc6 7. O-O Be7 8.
Re1 Bg4 9. c4 Nf6 10. Nc3 Bxf3 11. Qxf3 Nxd4 12. Qd1 Ne6 13. Bf5 c6 {A rare
move. Gelfand played once before 13...d4:} (13... d4 14. Ne2 d3 15. Nf4 Nd4 16.
Bxd3 O-O 17. Be3 Bc5 18. Qb1 Qd6 {1/2-1/2 Morozevich,A (2758)-Gelfand, B (2733)
/Mexico City 2007}) 14. cxd5 Nxd5 15. Qg4 Nxc3 16. bxc3 O-O 17. Rb1 Qc7 18. Bh6
(18. Bxe6 fxe6 19. Qxe6+ Rf7 {is equal.}) 18... Bd6 $2 {Already the decisive
mistake.} ({Necessary was} 18... Bf6 19. Qh3 Rfe8 20. Bxh7+ Kf8 {with a messy
position.}) 19. Qh3 $1 Rfe8 ({After} 19... gxh6 20. Qxh6 {White will win back
material and remain with a powerful attack.}) 20. Bxg7 $1 {This bishop
sacrifice destroys the pawn shelter of the black king. White wins in all
variations.} Bxh2+ {Trying to confuse White. Unfortunately for Gelfand, there
is no escape for Black.} (20... Kxg7 {doesn't change anything:} 21. Qxh7+ Kf6 (
{or} 21... Kf8 22. Rxb7 $1 Qxb7 23. Bxe6 Rxe6 24. Rxe6) 22. Bxe6 Rxe6 23. Qh6+
Ke7 24. Rxe6+ fxe6 25. Rxb7 $1 Qxb7 26. Qg7+ {wins}) 21. Kf1 $1 ({Going to h1} 
21. Kh1 {is worse in view of} Kxg7 22. Qxh7+ Kf6 23. Bxe6 Rh8 {and Black has
some time to defend thanks to the counterplay on the h-file.}) ({And of course
not} 21. Qxh2 Qxh2+ 22. Kxh2 Nxg7 {with advantage for Black.}) 21... Kxg7 22.
Qxh7+ Kf6 (22... Kf8 {also leads to a decisive attack for White:} 23. Qh6+ Kg8
24. Re4 Bf4 25. Qh7+ Kf8 26. Rbe1) 23. Bxe6 Bf4 (23... Rxe6 {loses after} 24.
Qh6+ Kf5 ({or} 24... Ke7 25. Rxe6+ fxe6 26. Rxb7 Qxb7 27. Qg7+) 25. Rxe6 fxe6
26. g4+ Kxg4 27. Qg6+ Kh4 28. Rb4+ Bf4 29. Qg3+ Kh5 30. Rxf4) 24. Qf5+ Kg7 25.
Rb4 $1 {Bringing the queen's rook into attack is the last finesse.} Rxe6 26.
Rxe6 fxe6 27. Qg4+ Kh8 28. Rxf4 {The rest is clear. In order to defend Black
will lose material.} Qh7 29. Qxe6 Qh1+ 30. Ke2 Qh5+ 31. g4 Qb5+ 32. Kf3 Qd3+
33. Kg2 Qd5+ 34. Qxd5 cxd5 35. Rf7 b5 36. Rd7 a6 37. f4 Rc8 38. f5 1-0